MARC

LEADER 00000nam0a2200000 4500
001 142276
005 20231101220946.0
010 |b 8000 экз. 
035 |a (RuTPU)RU\TPU\book\154185 
090 |a 142276 
100 |a 20080903d1944 k y0rusy50 ca 
101 0 |a rus 
102 |a RU 
105 |a a z 000zy 
200 1 |a Механические испытания металлов  |f И. В. Кудрявцев 
210 |a Москва  |a Свердловск  |c Машгиз  |d 1944 
215 |a 63 с.  |c ил. 
300 |a Подписано к печати 9.04.1944 г. 
606 1 |a Металлы  |x Испытание механическое  |2 stltpush  |3 (RuTPU)RU\TPU\subj\72687  |9 86096 
610 1 |a машины 
610 1 |a растяжение 
610 1 |a чугун 
610 1 |a сжатие 
610 1 |a давление 
610 1 |a способ Бринелля 
610 1 |a ударная вязкость 
610 1 |a коллекция: 1941-1945 гг. 
610 1 |a Великая Отечественная война 1941-1945 
675 |a 669:620.17  |v 3 
700 1 |a Кудрявцев  |b И. В. 
801 1 |a RU  |b 63413507  |c 20080903  |g PSBO 
801 2 |a RU  |b 63413507  |c 20200707  |g PSBO 
942 |c BK